| 000 | 00480nam a2200181Ia 4500 | ||
|---|---|---|---|
| 001 | 4039 | ||
| 005 | 20260306145726.0 | ||
| 008 | 260306t1994||||xx |||||||||||||| ||spa|| | ||
| 041 | _aESP | ||
| 082 |
_a306.85 _bC76 |
||
| 100 |
_aCongreso Internacional de la Familia (1994: Lima, Perú) _eAUT |
||
| 245 | 0 | _aLa familia corazón de la civilización del amor | |
| 260 | _c1994 | ||
| 300 |
_a159 páginas : _c20 cm. |
||
| 650 | _aGEN | ||
| 654 | _aCED | ||
| 942 |
_cLIB _dJUS _fJUS _2ddc _n |
||
| 999 |
_c4039 _d4039 |
||